[Event "Ricany op"]
[Site "Ricany"]
[Date "2024.07.03"]
[Round "6"]
[White "Pisar, Tomas"]
[Black "Cabela, Filip"]
[Result "1-0"]
[WhiteElo "1971"]
[BlackElo "1903"]
[PlyCount "38"]
[EventDate "2024.06.29"]
[EventType "swiss"]
[EventRounds "9"]
[EventCountry "CZE"]
[SourceTitle "CBM 221 Extra"]
[Source "ChessBase"]
[SourceDate "2024.09.30"]
[SourceVersion "1"]
[SourceVersionDate "2024.09.30"]
[SourceQuality "1"]

1. d4 Nf6 2. c4 e6 3. Nc3 Bb4 4. a3 Bxc3+ 5. bxc3 0-0 6. Nf3 b6 7. g3 Nc6 8. Bg2 Ba6 9. Ne5 Rc8 10. Bg5 Na5 11. Ng4 h6 12. Nxf6+ gxf6 13. Bxh6 Re8 14. e4 f5 15. e5 Kh7 16. Qh5 Rh8 17. g4 Bb7 18. Bxb7 Nxb7 19. gxf5 Qg8 1-0

[Event "Ricany op"]
[Site "Ricany"]
[Date "2024.07.02"]
[Round "5"]
[White "Cabela, Filip"]
[Black "Hejsek, Lukas"]
[Result "1/2-1/2"]
[WhiteElo "1903"]
[BlackElo "2029"]
[PlyCount "63"]
[EventDate "2024.06.29"]
[EventType "swiss"]
[EventRounds "9"]
[EventCountry "CZE"]
[SourceTitle "CBM 221 Extra"]
[Source "ChessBase"]
[SourceDate "2024.09.30"]
[SourceVersion "1"]
[SourceVersionDate "2024.09.30"]
[SourceQuality "1"]

1. e4 c5 2. a3 Nf6 3. e5 Nd5 4. d4 cxd4 5. Qxd4 Nc7 6. Nf3 Nc6 7. Qh4 d6 8. exd6 Qxd6 9. Be2 Bf5 10. c4 0-0-0 11. Nc3 e5 12. 0-0 Be7 13. Qg3 Qg6 14. Be3 Bf6 15. Rfd1 Nd4 16. Bxd4 exd4 17. Nd5 Qxg3 18. hxg3 Nxd5 19. cxd5 Rxd5 20. Bc4 Rd7 21. Rd2 Be6 22. Rc1 Bxc4 23. Rxc4+ Kb8 24. Kf1 d3 25. Rb4 Kc7 26. Rb3 Rhd8 27. Ne1 a5 28. Rbxd3 Rxd3 29. Nxd3 Kb6 30. a4 Rd4 31. b3 h5 32. Ke2 1/2-1/2

[Event "Ricany op"]
[Site "Ricany"]
[Date "2024.06.29"]
[Round "1"]
[White "Cabela, Filip"]
[Black "Kulhanek, Tomas"]
[Result "1/2-1/2"]
[WhiteElo "1903"]
[BlackElo "2319"]
[PlyCount "101"]
[EventDate "2024.06.29"]
[EventType "swiss"]
[EventRounds "9"]
[EventCountry "CZE"]
[SourceTitle "CBM 221 Extra"]
[Source "ChessBase"]
[SourceDate "2024.09.30"]
[SourceVersion "1"]
[SourceVersionDate "2024.09.30"]
[SourceQuality "1"]

1. e4 e6 2. d4 d5 3. e5 c5 4. c3 Qb6 5. Nf3 Nc6 6. Bd3 cxd4 7. cxd4 Bd7 8. 0-0 Nxd4 9. Nbd2 Nxf3+ 10. Nxf3 Ne7 11. Be3 Qd8 12. Rc1 Nc6 13. h4 h6 14. a3 Be7 15. h5 a6 16. Re1 b5 17. Bb1 Qb8 18. Rxc6 Bxc6 19. Nd4 Bd7 20. f4 Qb7 21. Qg4 0-0-0 22. Qxg7 Rdf8 23. f5 Kb8 24. Rc1 exf5 25. e6 Bxe6 26. Bf4+ Ka8 27. Rc7 Qb6 28. Rxe7 Rc8 29. Ba2 Rhg8 30. Qe5 Qc5 31. b4 Qxe7 32. Bxd5+ Bxd5 33. Qxe7 Rxg2+ 34. Kf1 Ra2 35. Qd6 Bg2+ 36. Kg1 Bb7 37. Nb3 Rg8+ 38. Kf1 Bg2+ 39. Ke1 Bb7 40. Bh2 Re8+ 41. Be5 Rxa3 42. Nc5 Re3+ 43. Kd2 R3xe5 44. Nxb7 Re2+ 45. Kc1 Re1+ 46. Kd2 R1e2+ 47. Kd3 R8e3+ 48. Kd4 Re4+ 49. Kd3 R2e3+ 50. Kc2 Re2+ 51. Kd3 1/2-1/2

[Event "Ricany op"]
[Site "Ricany"]
[Date "2023.08.28"]
[Round "4"]
[White "Strnadova, Monika"]
[Black "Cabela, Filip"]
[Result "1/2-1/2"]
[WhiteElo "1833"]
[BlackElo "1631"]
[PlyCount "55"]
[EventDate "2023.08.26"]
[EventType "swiss"]
[EventRounds "9"]
[EventCountry "CZE"]
[SourceTitle "CBM 216 Extra"]
[Source "ChessBase"]
[SourceDate "2023.11.30"]
[SourceVersion "1"]
[SourceVersionDate "2023.11.30"]
[SourceQuality "1"]

1. e4 e5 2. Nf3 Nc6 3. Bc4 Nf6 4. d3 h6 5. 0-0 d6 6. h3 g5 7. Nh2 Rg8 8. f3 Ne7 9. Ng4 Ng6 10. d4 exd4 11. Qxd4 Bg7 12. Nxf6+ Qxf6 13. Qxf6 Bxf6 14. Nc3 c6 15. a4 a5 16. Be3 Be5 17. Rad1 Be6 18. Bxe6 fxe6 19. Bd4 Ke7 20. Bxe5 Nxe5 21. b3 Raf8 22. Ne2 Ng6 23. Rd2 Nf4 24. Nxf4 gxf4 25. Rfd1 Rd8 26. c4 Rg5 27. Rc2 c5 28. Rcd2 1/2-1/2